00588caa a22001932a 4500001000900000003001100009008004700020092001500067100002100082245011800103245007100221300001000292440000700302260001300309650004200322250000600364942000900370999001500379 002895 AR-FADEU 311216n############xxu####################dd aPP(361)ESC aVilas, Carlos M. bDe la focalización a la integralidad. Cambio de paradigma en las políticas contra la pobreza y la desigualdad aEscenarios. Revista institucional de la Facultad de Trabajo Social a34-44 n12 coct 2007 aPOLITICA SOCIAL; POBREZA; DESIGUALDAD a7 cPPGR c5673d5673